<?xml version="1.0" encoding="UTF-8"?>
<record
    xmlns:xsi="http://www.w3.org/2001/XMLSchema-instance"
    xsi:schemaLocation="http://www.loc.gov/MARC21/slim http://www.loc.gov/standards/marcxml/schema/MARC21slim.xsd"
    xmlns="http://www.loc.gov/MARC21/slim">

  <leader>01951nam a2200301 ia4500</leader>
  <controlfield tag="005">20231029115439.0</controlfield>
  <controlfield tag="008">231026t20232023si a   b      000 0 eng d</controlfield>
  <datafield tag="020" ind1=" " ind2=" ">
    <subfield code="a">9789811240461</subfield>
    <subfield code="c">RM72.50</subfield>
    <subfield code="q">paperback </subfield>
  </datafield>
  <datafield tag="040" ind1=" " ind2=" ">
    <subfield code="a">PPAK</subfield>
    <subfield code="b">eng</subfield>
    <subfield code="c">PPAK</subfield>
    <subfield code="e">rda</subfield>
  </datafield>
  <datafield tag="082" ind1="0" ind2="4">
    <subfield code="2">23</subfield>
    <subfield code="a">629.892</subfield>
  </datafield>
  <datafield tag="090" ind1="0" ind2="0">
    <subfield code="a">629.892</subfield>
    <subfield code="b">ANG</subfield>
    <subfield code="d">K</subfield>
  </datafield>
  <datafield tag="100" ind1="1" ind2=" ">
    <subfield code="a">Ang, Kelly, </subfield>
    <subfield code="e">author. </subfield>
  </datafield>
  <datafield tag="245" ind1="1" ind2="0">
    <subfield code="a">Robots Everywhere! : </subfield>
    <subfield code="b">unpeeled with Russ and Yammy /</subfield>
    <subfield code="c">with Kelly Ang ; Illustrated by Nicholas Liem and Alan Bay </subfield>
  </datafield>
  <datafield tag="264" ind1=" " ind2="1">
    <subfield code="a">WS Education : </subfield>
    <subfield code="b">Singapore, </subfield>
    <subfield code="c">[2023?]</subfield>
  </datafield>
  <datafield tag="264" ind1=" " ind2="4">
    <subfield code="c">&#xA9;2023</subfield>
  </datafield>
  <datafield tag="300" ind1=" " ind2=" ">
    <subfield code="a">142 pages :</subfield>
    <subfield code="b">illustrations, photographs ; </subfield>
    <subfield code="c">23 cm.</subfield>
  </datafield>
  <datafield tag="336" ind1=" " ind2=" ">
    <subfield code="a">text</subfield>
    <subfield code="2">rdacontent</subfield>
  </datafield>
  <datafield tag="337" ind1=" " ind2=" ">
    <subfield code="a">unmediated</subfield>
    <subfield code="2">rdamedia</subfield>
  </datafield>
  <datafield tag="338" ind1=" " ind2=" ">
    <subfield code="a">volume</subfield>
    <subfield code="2">rdacarrier</subfield>
  </datafield>
  <datafield tag="490" ind1="1" ind2=" ">
    <subfield code="a">Science Everywhere! series</subfield>
  </datafield>
  <datafield tag="500" ind1=" " ind2=" ">
    <subfield code="a">Robots are taking over our world!Really? Think again! Robots come in many different forms - from industrial arms to appliances on wheels - and although they are everywhere, they're here to help us, not conquer us. Peel back the covers of this book to join Russ and Yammy, our fun-loving potato duo, as they find out more about robots. Through comics, corny jokes and an exclusive interview with a robot specialist, you'll be amazed and inspired by the world of robots, everywhere around you!Science, technology, engineering and math (commonly known as STEM) are everywhere around us - look carefully and you'll see many examples. Science Everywhere! is a fun series of books focusing on STEM concepts, and these books come with a huge dollop of corny humour! Each book will enthrall young readers with the laugh-out-loud antics of Yammy and Russ, who promise a mashing good time as they dig into the world of science.</subfield>
  </datafield>
  <datafield tag="650" ind1="1" ind2="0">
    <subfield code="a">Robotics </subfield>
    <subfield code="v">Juvenile literature</subfield>
  </datafield>
  <datafield tag="650" ind1="2" ind2="0">
    <subfield code="a">Robots</subfield>
    <subfield code="v">Juvenile literature</subfield>
  </datafield>
  <datafield tag="700" ind1="1" ind2=" ">
    <subfield code="a">Liem, Nicholas,</subfield>
    <subfield code="e">illustrator. </subfield>
  </datafield>
  <datafield tag="700" ind1="1" ind2=" ">
    <subfield code="a">Bay, Alan, </subfield>
    <subfield code="e">illustrator. </subfield>
  </datafield>
  <datafield tag="830" ind1=" " ind2="0">
    <subfield code="a">Science everywhere! series</subfield>
  </datafield>
  <datafield tag="942" ind1=" " ind2=" ">
    <subfield code="2">ddc</subfield>
    <subfield code="c">B</subfield>
  </datafield>
  <datafield tag="999" ind1=" " ind2=" ">
    <subfield code="c">193460</subfield>
    <subfield code="d">193460</subfield>
  </datafield>
  <datafield tag="952" ind1=" " ind2=" ">
    <subfield code="0">0</subfield>
    <subfield code="7">0</subfield>
    <subfield code="b">PPAK</subfield>
    <subfield code="c">K</subfield>
    <subfield code="d">2023-11-27</subfield>
    <subfield code="l">0</subfield>
    <subfield code="o">K 629.892 ANG</subfield>
    <subfield code="p">A01799471</subfield>
    <subfield code="r">2023-11-27 14:35:49</subfield>
    <subfield code="y">B</subfield>
  </datafield>
  <datafield tag="952" ind1=" " ind2=" ">
    <subfield code="0">0</subfield>
    <subfield code="7">0</subfield>
    <subfield code="b">SP</subfield>
    <subfield code="c">K</subfield>
    <subfield code="d">2023-11-27</subfield>
    <subfield code="l">2</subfield>
    <subfield code="o">K 629.892 ANG</subfield>
    <subfield code="p">A01799472</subfield>
    <subfield code="r">2024-10-28 12:22:29</subfield>
    <subfield code="s">2024-10-16</subfield>
    <subfield code="y">B</subfield>
  </datafield>
  <datafield tag="952" ind1=" " ind2=" ">
    <subfield code="0">0</subfield>
    <subfield code="7">0</subfield>
    <subfield code="b">JT</subfield>
    <subfield code="c">K</subfield>
    <subfield code="d">2023-11-27</subfield>
    <subfield code="l">1</subfield>
    <subfield code="m">1</subfield>
    <subfield code="o">K 629.892 ANG</subfield>
    <subfield code="p">A01799473</subfield>
    <subfield code="r">2025-01-19 17:51:28</subfield>
    <subfield code="s">2024-12-08</subfield>
    <subfield code="y">B</subfield>
  </datafield>
  <datafield tag="952" ind1=" " ind2=" ">
    <subfield code="0">0</subfield>
    <subfield code="7">0</subfield>
    <subfield code="b">LW</subfield>
    <subfield code="c">K</subfield>
    <subfield code="d">2023-11-27</subfield>
    <subfield code="l">1</subfield>
    <subfield code="o">K 629.892 ANG</subfield>
    <subfield code="p">A01799474</subfield>
    <subfield code="r">2026-01-26 15:49:30</subfield>
    <subfield code="s">2026-01-05</subfield>
    <subfield code="y">B</subfield>
  </datafield>
  <datafield tag="952" ind1=" " ind2=" ">
    <subfield code="0">0</subfield>
    <subfield code="7">0</subfield>
    <subfield code="b">KM</subfield>
    <subfield code="c">K</subfield>
    <subfield code="d">2023-11-27</subfield>
    <subfield code="l">0</subfield>
    <subfield code="o">K 629.892 ANG</subfield>
    <subfield code="p">A01799475</subfield>
    <subfield code="r">2023-11-27 14:35:49</subfield>
    <subfield code="y">B</subfield>
  </datafield>
  <datafield tag="952" ind1=" " ind2=" ">
    <subfield code="0">0</subfield>
    <subfield code="7">0</subfield>
    <subfield code="b">BL</subfield>
    <subfield code="c">K</subfield>
    <subfield code="d">2023-11-27</subfield>
    <subfield code="l">0</subfield>
    <subfield code="o">K 629.892 ANG</subfield>
    <subfield code="p">A01799476</subfield>
    <subfield code="r">2023-11-27 14:35:49</subfield>
    <subfield code="y">B</subfield>
  </datafield>
  <datafield tag="952" ind1=" " ind2=" ">
    <subfield code="0">0</subfield>
    <subfield code="7">0</subfield>
    <subfield code="b">BB</subfield>
    <subfield code="c">K</subfield>
    <subfield code="d">2023-11-27</subfield>
    <subfield code="l">0</subfield>
    <subfield code="o">K 629.892 ANG</subfield>
    <subfield code="p">A01799477</subfield>
    <subfield code="r">2023-11-27 14:35:49</subfield>
    <subfield code="y">B</subfield>
  </datafield>
</record>
